| 000 | 00593nam a2200181 4500 | ||
|---|---|---|---|
| 001 | 127344 | ||
| 003 | ES-MaACL | ||
| 005 | 20250523063405.0 | ||
| 007 | t| | ||
| 008 | 070214s1978 sp r ||||1| spa d | ||
| 100 | 1 |
_aRiaza, Luis _996690 |
|
| 245 | 1 | 3 |
_aEl desván de los machos y el sotano de las hembras _b: ; el palacio de los monos / _cLuis Riaza ; edición de Alberto Castilla. |
| 260 |
_aMadrid : _bCátedra, _c1978. |
||
| 300 |
_a319 p. : _bil. ; _c18 cm. |
||
| 700 | 1 |
_aCastilla, Alberto. _936641 |
|
| 852 |
_aES-MaACL _jA-9669 _bR.98730 |
||
| 999 |
_c127344 _d127344 |
||